Normal view
MARC view
- Digital signatures
Entry Topical Term
001 - CONTROL NUMBER
- control field: 39289
003 - CONTROL NUMBER IDENTIFIER
- control field: OSt
005 - DATE AND TIME OF LATEST TRANSACTION
- control field: 20160210142311.0
008 - FIXED-LENGTH DATA ELEMENTS
- fixed length control field: 160210|| aca||babn | a|a d
040 ## - CATALOGING SOURCE
- Original cataloging agency: OSt
150 ## - HEADING--TOPICAL TERM
- Topical term or geographic name as entry element: Digital signatures
450 ## - SEE FROM TRACING--TOPICAL TERM
- Topical term or geographic name entry element: Signatures, Digital
550 ## - SEE ALSO FROM TRACING--TOPICAL TERM
- Topical term or geographic name entry element: Authentication
550 ## - SEE ALSO FROM TRACING--TOPICAL TERM
- Topical term or geographic name entry element: Data encryption (Computer science)